Microfossils (Record no. 60390)
[ view plain ]
| 000 -LEADER | |
|---|---|
| fixed length control field | 00498nam a22002057a 4500 |
| 005 - DATE & TIME | |
| control field | 20260218160153.0 |
| 008 - FIXED-LENGTH DATA ELEMENTS--GENERAL INFORMATION | |
| fixed length control field | 260218b |||||||| |||| 00| 0 eng d |
| 020 ## - ISBN | |
| International Standard Book Number | 9780632052790 |
| Price | 12083.42 |
| 040 ## - CATALOGING SOURCE | |
| Original cataloging agency | Doon University |
| 041 ## - Language | |
| Language | English |
| 082 ## - DDC NUMBER | |
| Classification number | 560 |
| Book Number | HOW |
| 100 ## - MAIN ENTRY--PERSONAL NAME | |
| Personal name | Howard, Armstrong |
| 245 ## - TITLE STATEMENT | |
| Title | Microfossils |
| 250 ## - EDITION STATEMENT | |
| Edition statement | 2nd |
| 260 ## - PUBLICATION, DISTRIBUTION, ETC. (IMPRINT) | |
| Place of publication, distribution, etc | United Kingdom |
| Name of publisher, distributor, etc | Blackwell |
| Date of publication, distribution, etc | 2005 |
| 300 ## - PHYSICAL DESCRIPTION | |
| Pages | 296 |
| 650 ## - Subject | |
| Subject | Geology |
| 700 ## - Added Entry Personal Name | |
| Added Entry Personal Name | Brasier, Martin D. |
| 942 ## - ADDED ENTRY ELEMENTS (KOHA) | |
| Koha item type | Books |
| 100 ## - MAIN ENTRY--PERSONAL NAME | |
| -- | 26338 |
| 650 ## - Subject | |
| -- | 1039 |
| 700 ## - Added Entry Personal Name | |
| -- | 26339 |
| 952 ## - LOCATION AND ITEM INFORMATION (KOHA) | |
| -- | 2026-02-18 |
| 952 ## - LOCATION AND ITEM INFORMATION (KOHA) | |
| -- | 2026-02-18 |
| Withdrawn status | Lost status | Source of classification or shelving scheme | Damaged status | Not for loan | Location (home branch) | Sublocation or collection (holding branch) | Date acquired | Koha full call number | Accession No. | Koha date last seen | Koha item type | Koha issues (times borrowed) |
|---|---|---|---|---|---|---|---|---|---|---|---|---|
| Not For Loan | Doon University | Doon University | 18.02.2026 | 560 HOW | 52858 | 18.02.2026 | Reference | |||||
| Doon University | Doon University | 18.02.2026 | 560 HOW | 52859 | 18.02.2026 | Books |